Responses for Show #7638 - Wednesday, November 22, 2017

Contestants

[<< previous game]

Kelsey Van Bokkem, an intern physician from San Diego, California

Jim Eckess, a bartender from State College, Pennsylvania

Kiana Nakamura, a graduate student from Corona, California (whose 1-day cash winnings total $10,500)

[next game >>]

Jeopardy! Round responses

POLICE YOUR AREA
AROUND THE WORLD
UNTOLD TV STORIES
"B"REEDS
(Alex: Each correct response will begin with the letter B.)
THERE'S A WORD FOR THAT
LOOKS LIKE WE MADE IT
    $200 18
his beat

Jim
    $200 6
teeth

Jim
    $200 1
Hebrew

Kelsey
    $200 11
a Bengal

Kiana
    $200 14
QWERTY

Kiana
    $400 19
vice

Kiana
    $1,000 7
(Jim: Pa-pa-pa-pa-pa-pa. Nothing's coming to me.)

the Shroud of Turin

Jim
    $400 2
Scooby-Doo

Kiana
    $400 12
the Buckeye

Kelsey
    $400 15
your little finger or your baby toe

Triple Stumper
    $600 20
a SWAT team

Kelsey
    $600 8
El Al

Jim
    $600 3
Parks and Recreation

Kelsey
    $600 13
the Brahma

Jim
    $600 16
the fulcrum

Kiana
    $800 21
the Mounties (the RCMP)

Kiana
    $800 9
Iraq

Triple Stumper
    $800 4
Bob's Burgers

Triple Stumper
    $800 27
(Jim: Uh, what is...)
...
[The end-of-round signal sounds.]

a Belgian

KianaJim
    $800 17
(Kelsey: What are holes?)

windows

JimKelsey
    $800 26
Stetson

Kiana
    $1000 22
(Alex: We have less than a minute to go now, Kiana.)

community policing

Triple Stumper
    $1000 10
Malta

Kiana
    $1000 5
(Jim: What is Lost?)

Jack

JimKelsey
    $1000 24
a Bichon Frise

Kelsey
    $1000 23
the crosier

Triple Stumper
    $1000 25
DuPont

Triple Stumper

Scores at the first commercial break (after clue 15):

Kiana Jim Kelsey
$1,800 -$600 $2,200

Scores at the end of the Jeopardy! Round:

Kiana Jim Kelsey
$5,200 -$400 $3,000

Double Jeopardy! Round responses

CHAPELS SHOW
SINGLE-NAMED SINGERS' LAST NAMES
THE AGE OF TREASON
THE "MOTHER" OF ALL WORDS
NOW YOU'RE SPEAKING MY LANGUAGE
POE FOLKS
    $400 7
the Air Force

Kelsey
    $400 4
Madonna

Jim
    $400 3
the CIA

Kelsey
    $400 9
a godmother

Kiana
    $400 18
who, what, when, where & why

Kiana
    $400 1
Usher

Kiana
    $800 8
the Druids

Jim
    $800 6
Rihanna

Triple Stumper
    $800 5
Napoleon

Kelsey
    $800 16
a den mother

Kiana
    $1,000 21
Swahili

Kiana
    $800 2
a jester

Jim
    $1200 13
Cher

Kelsey
    $1,200 25
(Alex: Less than a minute now.)

Duke Franz Ferdinand

Kiana
    $1200 17
mother-of-pearl

Jim
    $1200 22
the Dead Sea Scrolls

Kiana
    $1200 10
mesmerism

Triple Stumper
    $1600 29
[The end-of-round signal sounds.]

a vortex

Triple Stumper
    $1600 14
Drake

Kelsey
    $1600 26
a state

Triple Stumper
    $1600 19
the Mother of Exiles

Triple Stumper
    $1600 23
a stop

Kiana
    $1600 11
C. Auguste Dupin

Triple Stumper
    $2000 28
an ossuary

Kiana
    $2000 15
Khalid

Triple Stumper
    $2000 27
the radio

Triple Stumper
    $2000 20
a motherboard

Kiana
    $2000 24
(Kelsey: What is Hindi?)
(Kiana: What is Sanskrit?)

Tamil

KianaKelsey
Triple Stumper
    $2000 12
(Jim: What are "The Bells"?)

"A Premature Burial"

KianaJim

Scores at the end of the Double Jeopardy! Round:

Kiana Jim Kelsey
$16,200 $800 $5,400
(lock game)

[wagering suggestions for these scores]

Final Jeopardy! Round responses

THE CALENDAR
[The "L" of Kelsey's response was barely formed.]
JimWho is dali Lama
$0
KelseyWho is MartinL
$3,000
KianaWho is Muhammad?
$0
Muhammad

Final scores:

Kiana Jim Kelsey
$16,200 $800 $2,400
2-day champion: $26,700 3rd place: $1,000 2nd place: $2,000

Game dynamics:

Coryat scores:

Kiana Jim Kelsey
$16,000 $1,800 $5,400
20 R
(including 2 DDs),
1 W
9 R,
4 W
(including 1 DD)
11 R,
2 W

Combined Coryat: $23,200

[game clues] [game scores] [suggest correction]

Game tape date: 2017-08-22
The J! Archive is created by fans, for fans. Scraping, republication, monetization, and malicious use prohibited; this site may use cookies and collect identifying information. See terms. The Jeopardy! game show and all elements thereof, including but not limited to copyright and trademark thereto, are the property of Jeopardy Productions, Inc. and are protected under law. This website is not affiliated with, sponsored by, or operated by Jeopardy Productions, Inc. Join the discussion at JBoard.tv.